| 000 | 00607nam a2200217 a 4500 | ||
|---|---|---|---|
| 001 | 33059 | ||
| 003 | BD-RjUL | ||
| 005 | 20211209051935.0 | ||
| 008 | 010816s1962 enk 000 0 eng d | ||
| 035 | _a(BD-RjUL)33150 | ||
| 040 |
_aMNG _cMNG _dOCL _dBD-RjUL _beng |
||
| 041 | _aeng | ||
| 082 |
_222 _a301.24 _bHAF 1962 |
||
| 100 | 1 |
_aHauser, Richard _d1910- _9100464 |
|
| 245 | 1 | 4 |
_aThe fraternal society / _cRichard and Hephzibah Hauser. |
| 260 |
_aLondon : _bBodley Head, _c1962. |
||
| 300 |
_a221 p. ; _c22 cm. |
||
| 650 | 0 |
_aSociology. _9100465 |
|
| 700 | 1 |
_aHauser, Hephzibah _9100467 |
|
| 942 |
_2ddc _cBK |
||
| 999 |
_c33059 _d33059 |
||